| 000 | 00692nam a2200193 a 4500 | ||
|---|---|---|---|
| 001 | 000022222 | ||
| 005 | 20200930011634.0 | ||
| 008 | 100920s2004 dr 001 0 spa d | ||
| 020 | _a847432985X | ||
| 040 |
_aDO-SdBNP _bspa _cBNPHU |
||
| 082 |
_axxxx _bC741c, 2004 |
||
| 245 | 0 | 0 |
_aComunicación y cultura en la era digital : _bindustrias, mercados y diversidad en España / _ccoordinador ; Enrique Bustamante, José María Monzoncillo ... [ et al.]. |
| 250 | _a2a ed. | ||
| 260 |
_aBarcelona : _bFundación Alternativa _bGedisa, _c2004. |
||
| 300 |
_a382 p. : _bil. ; _c23 cm. |
||
| 490 | 1 |
_aMultimedia _v24 |
|
| 700 | 1 |
_aBustamente, Enríque _ecoord. _945959 |
|
| 830 | 0 |
_aMultimedia _v24 _944543 |
|
| 999 |
_c21720 _d21720 |
||